| 000 | 004580000a22001810004500 | ||
|---|---|---|---|
| 003 | MACL | ||
| 005 | 20150830160138.0 | ||
| 008 | 150830b xxu||||| |||| 00| 0 eng d | ||
| 040 |
_aMACL _cMACL |
||
| 041 | _aEnglish | ||
| 082 | _a796 | ||
| 100 |
_aKesavan, Mukul _98061 |
||
| 245 |
_aMen In White _bA Book Of Cricket |
||
| 260 |
_bPenguin Books _c2007 _aNew Delhi |
||
| 350 | _a395 | ||
| 650 |
_aAthelatic Outdoor Sports & Game _91577 |
||
| 942 |
_cBK _k796 _2ddc |
||
| 999 |
_c8351 _d8351 |
||